000 00697nam a2200229 i 4500
001 13989
003 ES-MaACL
005 20230906150714.0
007 t|
008 980826s1997 sp |||| | spa d
020 _a84-922662-2-8
080 _a821.134.2-32"19"
100 1 _aCárdenas, Valentín.
_935146
245 1 0 _aPreludio, pasión y fuga /
_cValentín Cárdenas.
260 _aMadrid :
_bAsociación Colegial de Escritores de España,
_c1997.
300 _a78 p. ;
_c20 cm.
490 1 _aNuevos escritores ;
_v2
710 2 _aAsociación Colegial de Escritores de España.
_91522
830 0 _aNuevos escritores ;
_v2
_9179572
852 _aES-MaACL
_jL-21350
999 _c13989
_d13989